000 00716nam a22002057a 4500
005 20251108165504.0
008 250721s1962 xx 000 0 ara d
082 1 4 _aم/217.7/تيم
100 1 _aإبن تيمية، تقي الدين أبو العباس أحمد بن عبد الحليم
245 1 0 _aمنهاج السنة النبوية في نقض كلام الشيعة القدرية /
264 1 _aالقاهره :
_bدار العروبة،
_c1962.
300 _a
650 1 7 _aالإسلام
650 1 7 _aالفقه الإسلامي
650 1 7 _aفقه الشيعة
650 1 7 _aفقه السنة
700 1 _aسالم، محمد رشاد
_eتحقيق
942 _2ddc
_cREF
999 _c29102
_d29102